[Event "Pula op 27th"]
[Site "Pula"]
[Date "2013.06.12"]
[Round "6"]
[White "Hajek, Lukas"]
[Black "Schnider, Gert"]
[Result "1/2-1/2"]
[WhiteElo "2145"]
[BlackElo "2360"]
[PlyCount "68"]
[EventDate "2013.06.08"]
[EventType "swiss"]
[EventRounds "9"]
[EventCountry "CRO"]
[SourceTitle "CBM 154 Extra"]
[Source "ChessBase"]
[SourceDate "2013.06.25"]
[SourceVersion "2"]
[SourceVersionDate "2013.06.25"]
[SourceQuality "1"]

1. d4 Nf6 2. c4 e6 3. Nc3 Bb4 4. Qc2 0-0 5. e4 d6 6. a3 Bxc3+ 7. bxc3 e5 8. Bd3 Nc6 9. Ne2 b6 10. 0-0 Ba6 11. f4 Nd7 12. Be3 Na5 13. c5 Bxd3 14. Qxd3 exf4 15. Bxf4 bxc5 16. Qa6 c6 17. Bxd6 Re8 18. e5 cxd4 19. cxd4 c5 20. dxc5 Nxe5 21. Rac1 Nac6 22. Nf4 Qg5 23. Rcd1 Rac8 24. Nd5 Ng4 25. Qb7 f6 26. Qb3 Kh8 27. h3 Ne3 28. Nxe3 Rxe3 29. Qb7 Ree8 30. Qb3 Qh4 31. Rf4 Qh5 32. Qf3 Qf7 33. Re4 h6 34. Rde1 Rxe4 1/2-1/2

[Event "Pula op 27th"]
[Site "Pula"]
[Date "2013.06.11"]
[Round "5"]
[White "Yrjola, Jouni"]
[Black "Hajek, Lukas"]
[Result "1/2-1/2"]
[WhiteElo "2366"]
[BlackElo "2145"]
[PlyCount "39"]
[EventDate "2013.06.08"]
[EventType "swiss"]
[EventRounds "9"]
[EventCountry "CRO"]
[SourceTitle "CBM 154 Extra"]
[Source "ChessBase"]
[SourceDate "2013.06.25"]
[SourceVersion "2"]
[SourceVersionDate "2013.06.25"]
[SourceQuality "1"]

1. d4 Nf6 2. c4 g6 3. g3 Bg7 4. Bg2 d5 5. cxd5 Nxd5 6. e4 Nb6 7. Ne2 c5 8. d5 0-0 9. 0-0 e6 10. Nbc3 Na6 11. Nf4 e5 12. Nd3 c4 13. Ne1 Bd7 14. f4 Nc5 15. Be3 Rc8 16. f5 Nba4 17. Qd2 a6 18. g4 f6 19. Qf2 b5 20. Nxa4 1/2-1/2

[Event "Bratislava Slovan op"]
[Site "Bratislava"]
[Date "2013.04.28"]
[Round "2"]
[White "Hajek, Lukas"]
[Black "Karas, Marek"]
[Result "1/2-1/2"]
[WhiteElo "2178"]
[BlackElo "1990"]
[PlyCount "51"]
[EventDate "2013.04.27"]
[EventType "swiss"]
[EventRounds "9"]
[EventCountry "SVK"]
[SourceTitle "CBM 154 Extra"]
[Source "ChessBase"]
[SourceDate "2013.06.25"]
[SourceVersion "2"]
[SourceVersionDate "2013.06.25"]
[SourceQuality "1"]

1. d4 d5 2. c4 dxc4 3. e3 Nf6 4. Bxc4 e6 5. Nf3 c5 6. 0-0 a6 7. a4 Nc6 8. Nc3 Be7 9. Qe2 0-0 10. Rd1 Qc7 11. Rb1 Rd8 12. h3 Bd7 13. Bd2 Rac8 14. d5 exd5 15. Nxd5 Nxd5 16. Bxd5 Bf5 17. e4 Bg6 18. Bc3 Bh5 19. Qe3 b5 20. axb5 axb5 21. b3 Re8 22. Ra1 Nd4 23. Bxd4 cxd4 24. Qd3 Bxf3 25. Qxf3 Bf6 26. Qd3 1/2-1/2

[Event "Bratislava Slovan op"]
[Site "Bratislava"]
[Date "2013.04.27"]
[Round "1"]
[White "Ciganik, Martin"]
[Black "Hajek, Lukas"]
[Result "0-1"]
[WhiteElo "1823"]
[BlackElo "2178"]
[PlyCount "130"]
[EventDate "2013.04.27"]
[EventType "swiss"]
[EventRounds "9"]
[EventCountry "SVK"]
[SourceTitle "CBM 154 Extra"]
[Source "ChessBase"]
[SourceDate "2013.06.25"]
[SourceVersion "2"]
[SourceVersionDate "2013.06.25"]
[SourceQuality "1"]

1. d4 Nf6 2. Bg5 g6 3. e3 Bg7 4. Nf3 0-0 5. Nbd2 d5 6. c4 c5 7. Qc2 cxd4 8. Nxd4 Nc6 9. Nxc6 bxc6 10. Be2 Bf5 11. Bd3 Bxd3 12. Qxd3 Qa5 13. f4 Rab8 14. 0-0 Rfd8 15. Nb3 Qa6 16. Rfc1 dxc4 17. Qxc4 Rd1+ 18. Kf2 Qxc4 19. Rxc4 Rxa1 20. Nxa1 Rxb2+ 21. Rc2 Ne4+ 22. Kf3 Nxg5+ 23. fxg5 Rxc2 24. Nxc2 Bc3 25. Ke4 Kf8 26. Nd4 Bxd4 27. Kxd4 Ke8 28. Kc5 Kd7 29. e4 Kc7 30. e5 Kd7 31. a4 Ke6 32. Kxc6 Kxe5 33. a5 Kf5 34. a6 e5 35. Kb7 e4 36. Kxa7 e3 37. Kb6 e2 38. a7 e1Q 39. a8Q Qb4+ 40. Kc7 Qe7+ 41. Kb6 Qd6+ 42. Kb5 Kxg5 43. h3 f5 44. Qf3 Qb8+ 45. Kc5 Qe5+ 46. Kb6 Qd4+ 47. Kb5 Qf4 48. Qa8 Qe4 49. Qd8+ Kh6 50. Qf8+ Kh5 51. Qf7 h6 52. Qa2 Qb7+ 53. Kc5 Qc7+ 54. Kb5 Qe5+ 55. Kc6 Qf4 56. Qe2+ Kh4 57. Kc5 h5 58. Qe1+ Qg3 59. Qe2 f4 60. Kd5 Qe3 61. Qf1 g5 62. Kc4 Kg3 63. Qd1 g4 64. hxg4 hxg4 65. Qc2 Qf2 0-1

[Event "SVK-ch U20"]
[Site "Martin"]
[Date "2013.04.20"]
[Round "2"]
[White "Kovac, Andrej"]
[Black "Hajek, Lukas"]
[Result "1/2-1/2"]
[WhiteElo "2169"]
[BlackElo "2178"]
[PlyCount "152"]
[EventDate "2013.04.19"]
[EventType "tourn"]
[EventRounds "9"]
[EventCountry "SVK"]
[EventCategory "1"]
[SourceTitle "CBM 154 Extra"]
[Source "ChessBase"]
[SourceDate "2013.06.25"]
[SourceVersion "2"]
[SourceVersionDate "2013.06.25"]
[SourceQuality "1"]

1. e4 e6 2. d4 d5 3. Nc3 Nf6 4. Bg5 Bb4 5. e5 h6 6. Be3 Ne4 7. Qg4 g6 8. a3 h5 9. Qf3 Bxc3+ 10. bxc3 c5 11. Bd3 Nxc3 12. dxc5 Nc6 13. Qf4 d4 14. Bd2 Nd5 15. Qe4 Qe7 16. Nf3 Qxc5 17. Ng5 Nc3 18. Bxc3 Qxc3+ 19. Ke2 Qc5 20. f4 Qd5 21. Rab1 0-0 22. h3 Ne7 23. g4 f5 24. Qf3 Qxf3+ 25. Kxf3 b6 26. gxh5 Bb7+ 27. Kf2 Bxh1 28. Rxh1 gxh5 29. Nxe6 Rfc8 30. Rg1+ Kf7 31. Nxd4 Rd8 32. Nxf5 Nxf5 33. Bxf5 Rg8 34. Rd1 Rad8 35. Bd3 Kf8 36. f5 Rd5 37. Re1 Rg5 38. Kf3 Rd4 39. f6 Rh4 40. e6 Rxh3+ 41. Kf4 Rg4+ 42. Ke5 Rg5+ 43. Kd6 Rf3 44. f7 Rf6 45. Be4 h4 46. Bd5 h3 47. c4 h2 48. Kd7 Rxe6 49. Kxe6 Rg1 50. Re3 h1Q 51. Bxh1 Rxh1 52. Rf3 Rd1 53. Rf5 Rd3 54. a4 Rd4 55. c5 bxc5 56. a5 Re4+ 57. Kf6 c4 58. Rc5 Rf4+ 59. Ke6 Re4+ 60. Kd5 Re7 61. Kxc4 Kxf7 62. Kb5 Ke6 63. Kc6 Rd7 64. a6 Ke7 65. Rb5 Rd6+ 66. Kb7 Rd7+ 67. Kb8 Kd6 68. Rb7 Kc6 69. Kxa7 Rd8 70. Rb6+ Kc7 71. Rb1 Kc6 72. Rc1+ Kb5 73. Rb1+ Ka5 74. Ra1+ Kb5 75. Kb7 Rd7+ 76. Kc8 Ra7 1/2-1/2

[Event "SVK-ch U18"]
[Site "Lubovna"]
[Date "2013.04.13"]
[Round "9"]
[White "Hajek, Lukas"]
[Black "Jozefek, Michal"]
[Result "1/2-1/2"]
[WhiteElo "2178"]
[BlackElo "2205"]
[PlyCount "38"]
[EventDate "2013.04.06"]
[EventType "swiss"]
[EventRounds "9"]
[EventCountry "SVK"]
[SourceTitle "CBM 153 Extra"]
[Source "ChessBase"]
[SourceDate "2013.04.22"]
[SourceVersion "1"]
[SourceVersionDate "2013.04.22"]
[SourceQuality "1"]

1. d4 Nf6 2. c4 e6 3. Nc3 Bb4 4. Qc2 d5 5. cxd5 exd5 6. a3 Bxc3+ 7. bxc3 0-0 8. Bg5 h6 9. Bh4 c5 10. e3 cxd4 11. cxd4 g5 12. Bg3 Ne4 13. Qc7 Qf6 14. Bd3 Na6 15. Qa5 Nac5 16. Bxe4 b6 17. Qc3 Nxe4 18. Qb2 Ba6 19. Ne2 Rac8 1/2-1/2

[Event "SVK-ch U18"]
[Site "Lubovna"]
[Date "2013.04.12"]
[Round "8"]
[White "Danada, Tomas"]
[Black "Hajek, Lukas"]
[Result "0-1"]
[WhiteElo "2118"]
[BlackElo "2178"]
[PlyCount "38"]
[EventDate "2013.04.06"]
[EventType "swiss"]
[EventRounds "9"]
[EventCountry "SVK"]
[SourceTitle "CBM 153 Extra"]
[Source "ChessBase"]
[SourceDate "2013.04.22"]
[SourceVersion "1"]
[SourceVersionDate "2013.04.22"]
[SourceQuality "1"]

1. Nf3 Nf6 2. d4 g6 3. Nc3 d5 4. Bf4 Bg7 5. Qd2 0-0 6. Bh6 c5 7. Bxg7 Kxg7 8. dxc5 Qa5 9. 0-0-0 Nc6 10. Kb1 Rd8 11. Nd4 Qxc5 12. Nxc6 bxc6 13. e4 Be6 14. e5 Ne4 15. Nxe4 dxe4 16. Qe1 Rxd1+ 17. Qxd1 Qxf2 18. Qe2 Rd8 19. Qxf2 Rd1# 0-1

[Event "SVK-ch U18"]
[Site "Lubovna"]
[Date "2013.04.11"]
[Round "7"]
[White "Liscinsky, Martin"]
[Black "Hajek, Lukas"]
[Result "1/2-1/2"]
[WhiteElo "1844"]
[BlackElo "2178"]
[PlyCount "99"]
[EventDate "2013.04.06"]
[EventType "swiss"]
[EventRounds "9"]
[EventCountry "SVK"]
[SourceTitle "CBM 153 Extra"]
[Source "ChessBase"]
[SourceDate "2013.04.22"]
[SourceVersion "1"]
[SourceVersionDate "2013.04.22"]
[SourceQuality "1"]

1. c4 e5 2. Nc3 Nf6 3. g3 c6 4. Nf3 e4 5. Nd4 d5 6. Bg2 Qb6 7. Nb3 dxc4 8. Na4 Qd8 9. Nbc5 Qd5 10. b4 b6 11. Nc3 Qe5 12. N5a4 Bxb4 13. 0-0 0-0 14. Rb1 Bd6 15. Bb2 Qe7 16. Ba1 b5 17. Nb2 Bf5 18. Qc2 Na6 19. Nbd1 Nb4 20. Qb2 e3 21. Nxe3 Bxb1 22. Rxb1 Qe5 23. Qc1 Qe6 24. a3 Nbd5 25. Nexd5 cxd5 26. Rxb5 a6 27. Bxd5 Nxd5 28. Rxd5 Rab8 29. Rd4 Be5 30. Re4 f5 31. Re3 Qd6 32. a4 Kh8 33. Nb5 Rxb5 34. axb5 Bxa1 35. Qxa1 axb5 36. Qc3 Rc8 37. d3 b4 38. Qxc4 Rb8 39. Re6 Qd7 40. Qb3 Qb7 41. Re5 Ra8 42. Qd5 Qb8 43. Qc6 h6 44. Rb5 Qf8 45. Qc5 Ra1+ 46. Kg2 Qa8+ 47. Qd5 Qf8 48. Qc5 Qa8+ 49. Qd5 Qf8 50. Qxf5 1/2-1/2

[Event "Litomysl op 14th"]
[Site "Litomysl"]
[Date "2012.12.29"]
[Round "5"]
[White "Cerveny, Petr"]
[Black "Hajek, Lukas"]
[Result "1-0"]
[WhiteElo "2269"]
[BlackElo "2155"]
[PlyCount "57"]
[EventDate "2012.12.26"]
[EventType "swiss"]
[EventRounds "9"]
[EventCountry "CZE"]
[SourceTitle "EXT 2014"]
[Source "ChessBase"]
[SourceDate "2013.11.20"]
[SourceVersion "1"]
[SourceVersionDate "2013.11.20"]
[SourceQuality "1"]

1. d4 Nf6 2. Nf3 g6 3. Bf4 Bg7 4. e3 0-0 5. Be2 d5 6. Nbd2 c5 7. c3 b6 8. a4 Nc6 9. Ne5 Bb7 10. 0-0 Nd7 11. Nxc6 Bxc6 12. Qb3 Nf6 13. Rfd1 Qd7 14. Qc2 Rfd8 15. h3 Rac8 16. Nf3 Bb7 17. Ne5 Qe6 18. a5 Nd7 19. Nxd7 Qxd7 20. axb6 axb6 21. Qb3 cxd4 22. exd4 Qe6 23. Bg4 f5 24. Re1 Qc6 25. Be2 Ra8 26. Rxa8 Rxa8 27. Bb5 Qf6 28. Bd7 Bc8 29. Qxd5+ 1-0

[Event "Kouty nad Desnou op-A"]
[Site "Kouty nad Desnou"]
[Date "2011.03.17"]
[Round "7"]
[White "Hlavac, Rudolf"]
[Black "Hajek, Lukas"]
[Result "1/2-1/2"]
[WhiteElo "2079"]
[BlackElo "1936"]
[PlyCount "42"]
[EventDate "2011.03.12"]
[EventType "swiss"]
[EventRounds "9"]
[EventCountry "CZE"]
[SourceTitle "EXT 2014"]
[Source "ChessBase"]
[SourceDate "2013.11.20"]
[SourceVersion "1"]
[SourceVersionDate "2013.11.20"]
[SourceQuality "1"]

1. e4 e5 2. Nf3 Nc6 3. Bb5 Nge7 4. c3 d5 5. Nxe5 dxe4 6. Qa4 Qd5 7. f4 exf3 8. Nxf3 Bd7 9. 0-0 0-0-0 10. d4 a6 11. Bc4 Nxd4 12. Bxd5 Ne2+ 13. Kh1 Bxa4 14. Bxf7 Nxc1 15. Rxc1 Ng6 16. Nbd2 Bc6 17. Nd4 Nh4 18. Be6+ Bd7 19. Re1 Bxe6 20. Rxe6 Bc5 21. N2b3 Bxd4 1/2-1/2

[Event "Kouty nad Desnou op-A"]
[Site "Kouty nad Desnou"]
[Date "2011.03.14"]
[Round "4"]
[White "Kawulok, Marek"]
[Black "Hajek, Lukas"]
[Result "1/2-1/2"]
[WhiteElo "2035"]
[BlackElo "1936"]
[PlyCount "70"]
[EventDate "2011.03.12"]
[EventType "swiss"]
[EventRounds "9"]
[EventCountry "CZE"]
[SourceTitle "EXT 2014"]
[Source "ChessBase"]
[SourceDate "2013.11.20"]
[SourceVersion "1"]
[SourceVersionDate "2013.11.20"]
[SourceQuality "1"]

1. e4 e6 2. d4 d5 3. Nd2 Nf6 4. e5 Nfd7 5. Bd3 c5 6. c3 Nc6 7. Ne2 cxd4 8. cxd4 f6 9. exf6 Qxf6 10. Nf3 h6 11. 0-0 Bd6 12. Bc2 0-0 13. Qd3 Rd8 14. Qh7+ Kf7 15. a3 Nf8 16. Qd3 Kg8 17. b4 Bd7 18. Bb2 a6 19. Rfe1 Be8 20. Rac1 Bh5 21. Ne5 Nxe5 22. dxe5 Bxe5 23. Bxe5 Qxe5 24. Ng3 Qg5 25. f4 Qh4 26. f5 Bf7 27. fxe6 Bxe6 28. Rxe6 Nxe6 29. Qh7+ Kf8 30. Bg6 Qg5 31. Re1 Ke7 32. Qxg7+ Kd6 33. Qf7 Nf4 34. Qxb7 Nxg6 35. Qb6+ Kd7 1/2-1/2

[Event "Kouty nad Desnou op-A"]
[Site "Kouty nad Desnou"]
[Date "2011.03.13"]
[Round "2"]
[White "Hajek, Lukas"]
[Black "Stolc, Martin"]
[Result "1/2-1/2"]
[WhiteElo "1936"]
[BlackElo "2036"]
[PlyCount "79"]
[EventDate "2011.03.12"]
[EventType "swiss"]
[EventRounds "9"]
[EventCountry "CZE"]
[SourceTitle "EXT 2014"]
[Source "ChessBase"]
[SourceDate "2013.11.20"]
[SourceVersion "1"]
[SourceVersionDate "2013.11.20"]
[SourceQuality "1"]

1. d4 d6 2. c4 g6 3. Nc3 Bg7 4. e4 Nc6 5. Be3 e5 6. d5 Nce7 7. Be2 h6 8. Bg4 f5 9. Bh3 Nf6 10. f3 0-0 11. Nge2 Kh7 12. Nc1 a6 13. Nd3 fxe4 14. Bxc8 Qxc8 15. fxe4 Nh5 16. Nf2 Nf4 17. 0-0 h5 18. Nd3 Bh6 19. Nxf4 exf4 20. Bd2 Qg4 21. Rf3 Rf7 22. Ne2 g5 23. Nd4 Qd7 24. Ne6 Ng6 25. Rh3 h4 26. Qh5 Qe7 27. Bc3 Rg8 28. Nd4 Ne5 29. Nf5 Rxf5 30. exf5 Qf6 31. Bxe5 dxe5 32. Qg4 e4 33. Rb3 b6 34. Rd1 Rd8 35. Rc3 Bf8 36. Qh5+ Kg7 37. Qg6+ Qxg6 38. fxg6 Kxg6 39. a3 a5 40. h3 1/2-1/2

[Event "Kouty nad Desnou op-A"]
[Site "Kouty nad Desnou"]
[Date "2011.03.12"]
[Round "1"]
[White "Hajek, Lukas"]
[Black "Vanka, Miloslav"]
[Result "1-0"]
[WhiteElo "1936"]
[BlackElo "2165"]
[PlyCount "75"]
[EventDate "2011.03.12"]
[EventType "swiss"]
[EventRounds "9"]
[EventCountry "CZE"]
[SourceTitle "EXT 2014"]
[Source "ChessBase"]
[SourceDate "2013.11.20"]
[SourceVersion "1"]
[SourceVersionDate "2013.11.20"]
[SourceQuality "1"]

1. d4 f5 2. Nf3 Nf6 3. g3 g6 4. Bg2 Bg7 5. 0-0 0-0 6. c4 d6 7. d5 c6 8. Nd4 Qe8 9. dxc6 Nxc6 10. Nxc6 bxc6 11. Nc3 Bd7 12. Qd3 Qb8 13. Rd1 Qc7 14. b3 Rad8 15. Bb2 Be8 16. Rac1 Bf7 17. Qf3 Rc8 18. Rd2 e5 19. Qd3 Rfd8 20. Rcd1 e4 21. Qb1 e3 22. fxe3 Ng4 23. Rd3 Bh6 24. Bc1 Qe7 25. e4 fxe4 26. Bxe4 d5 27. cxd5 cxd5 28. Bxd5 Qc5+ 29. e3 Bxd5 30. Nxd5 Re8 31. Rc3 Qf8 32. Rf1 Qd6 33. Rxc8 Rxc8 34. Qe4 Ne5 35. Nf6+ Kh8 36. Bb2 Rc5 37. Ng4 Bg7 38. Qa8+ 1-0

[Event "CZE-chT2D 1011"]
[Site "Czech Republic"]
[Date "2011.02.06"]
[Round "7"]
[White "Tazlar, Petr"]
[Black "Hajek, Lukas"]
[Result "0-1"]
[WhiteElo "1996"]
[BlackElo "2089"]
[PlyCount "99"]
[EventDate "2010.10.17"]
[EventType "team-tourn"]
[EventRounds "11"]
[EventCountry "CZE"]
[SourceTitle "EXT 2012"]
[Source "ChessBase"]
[SourceDate "2011.11.24"]
[SourceVersion "1"]
[SourceVersionDate "2011.11.24"]
[SourceQuality "1"]
[WhiteTeam "Litomysl"]
[BlackTeam "Zajecice"]
[WhiteTeamCountry "CZE"]
[BlackTeamCountry "CZE"]

1. e4 c6 2. d4 d5 3. exd5 cxd5 4. c3 Nc6 5. Nf3 Nf6 6. Qb3 Qb6 7. Qxb6 axb6 8. Bf4 Bf5 9. Nbd2 e6 10. Nh4 Bg4 11. f3 Bh5 12. g4 Bg6 13. Nxg6 hxg6 14. Bc7 Rc8 15. Bg3 Kd7 16. Kf2 Be7 17. Bb5 Ne8 18. Bd3 Nd6 19. Rae1 g5 20. Kg2 Rcf8 21. Re2 Nc8 22. Rhe1 Bd6 23. Nf1 Bf4 24. h3 Nd6 25. Bf2 b5 26. a3 Nc4 27. Ng3 g6 28. Rc2 Ra8 29. Ne2 Bd6 30. Bxc4 bxc4 31. Be3 Be7 32. f4 gxf4 33. Bxf4 g5 34. Bh2 f5 35. Ng3 fxg4 36. hxg4 Rh4 37. Rce2 Rah8 38. Bg1 R8h6 39. Rf1 Rxg4 40. Rf7 Ke8 41. Rf3 Bd6 42. Kf2 Ne7 43. a4 Bf4 44. a5 Kd7 45. Kg2 Nf5 46. Bf2 Nh4+ 47. Kh3 Ng6+ 48. Nh5 Rh4+ 49. Bxh4 Rxh5 50. Rxe6 0-1

[Event "CZE-chT2D 1011"]
[Site "Czech Republic"]
[Date "2011.01.23"]
[Round "6"]
[White "Hajek, Lukas"]
[Black "Mojzis, Jaroslav"]
[Result "1-0"]
[WhiteElo "2089"]
[BlackElo "2220"]
[PlyCount "75"]
[EventDate "2010.10.17"]
[EventType "team-tourn"]
[EventRounds "11"]
[EventCountry "CZE"]
[SourceTitle "EXT 2012"]
[Source "ChessBase"]
[SourceDate "2011.11.24"]
[SourceVersion "1"]
[SourceVersionDate "2011.11.24"]
[SourceQuality "1"]
[WhiteTeam "Zajecice"]
[BlackTeam "Polabiny II"]
[WhiteTeamCountry "CZE"]
[BlackTeamCountry "CZE"]

1. d4 Nf6 2. Nf3 e6 3. e3 c5 4. c4 cxd4 5. exd4 d6 6. Bd3 Be7 7. 0-0 Nbd7 8. Nc3 0-0 9. b3 b6 10. Bb2 Bb7 11. Re1 a6 12. Ng5 Re8 13. Qc2 Nf8 14. d5 e5 15. Re3 g6 16. Nh3 Ng4 17. Rg3 Bc8 18. f4 Bh4 19. Rf3 f5 20. fxe5 Nxe5 21. Rf4 Bf6 22. Be2 Nfd7 23. Raf1 Bg7 24. g4 fxg4 25. Bxg4 Nxg4 26. Rxg4 Ne5 27. Rg3 Bf5 28. Qd2 b5 29. Ng5 bxc4 30. Rxf5 gxf5 31. Ne6 Rxe6 32. dxe6 Qb6+ 33. Kf1 cxb3 34. Qd5 Re8 35. e7+ Kh8 36. axb3 Qc7 37. Ne2 Qc6 38. Qxc6 1-0

[Event "SVK-chT2A 10/11"]
[Site "Slovakia"]
[Date "2011.01.08"]
[Round "5.7"]
[White "Raczko, Peter"]
[Black "Hajek, Lukas"]
[Result "1/2-1/2"]
[WhiteElo "1917"]
[BlackElo "1915"]
[PlyCount "111"]
[EventDate "2010.10.23"]
[EventType "team-tourn"]
[EventRounds "11"]
[EventCountry "SVK"]
[SourceTitle "EXT 2019"]
[Source "ChessBase"]
[SourceDate "2018.10.10"]
[SourceVersion "1"]
[SourceVersionDate "2018.10.10"]
[SourceQuality "1"]
[WhiteTeam "Bratislava Doprastav III"]
[BlackTeam "Bratislava Doprastav II"]
[WhiteTeamCountry "SVK"]
[BlackTeamCountry "SVK"]

1. e4 e6 2. d4 d5 3. e5 c5 4. c3 Nc6 5. Nf3 Bd7 6. a3 f6 7. exf6 Nxf6 8. b4 cxd4 9. cxd4 Bd6 10. Be2 0-0 11. 0-0 Ne4 12. Bb2 Be8 13. Nbd2 Nxd2 14. Qxd2 Bf4 15. Qd1 Bh5 16. Ne5 Nxe5 17. dxe5 Bg6 18. g3 Bg5 19. Bd4 a5 20. Bc5 Be7 21. Qd4 Bxc5 22. bxc5 Qc7 23. Rac1 Bf5 24. Rc3 Bh3 25. Rfc1 Bf5 26. c6 Rfc8 27. f4 bxc6 28. Rxc6 Qxc6 29. Rxc6 Rxc6 30. g4 Be4 31. f5 exf5 32. gxf5 Rf8 33. Bg4 Rc4 34. Qb6 Rc1+ 35. Kf2 Bxf5 36. Bxf5 Rxf5+ 37. Ke3 Re1+ 38. Kd4 Rfxe5 39. Qd8+ Kf7 40. Qc7+ Kf8 41. Qxa5 R1e4+ 42. Kd3 Re3+ 43. Kd2 Re2+ 44. Kd1 Re1+ 45. Qxe1 Rxe1+ 46. Kxe1 Ke7 47. Kd2 Kd6 48. Kd3 Kc5 49. a4 g5 50. a5 h5 51. a6 Kb6 52. Kd4 g4 53. Kxd5 h4 54. Ke4 g3 55. hxg3 hxg3 56. Kf3 1/2-1/2

[Event "SVK-chT2A 10/11"]
[Site "Slovakia"]
[Date "2010.10.24"]
[Round "2.7"]
[White "Hajek, Lukas"]
[Black "Srna, Jan"]
[Result "1/2-1/2"]
[WhiteElo "1915"]
[BlackElo "2047"]
[PlyCount "50"]
[EventDate "2010.10.23"]
[EventType "team-tourn"]
[EventRounds "11"]
[EventCountry "SVK"]
[SourceTitle "EXT 2019"]
[Source "ChessBase"]
[SourceDate "2018.10.10"]
[SourceVersion "1"]
[SourceVersionDate "2018.10.10"]
[SourceQuality "1"]
[WhiteTeam "Bratislava Doprastav II"]
[BlackTeam "Pezinok KS"]
[WhiteTeamCountry "SVK"]
[BlackTeamCountry "SVK"]

1. d4 e6 2. c4 f5 3. Nf3 d5 4. g3 c6 5. Bg2 Bd6 6. Bf4 Nf6 7. 0-0 0-0 8. Bxd6 Qxd6 9. Nbd2 Nbd7 10. a3 Ne4 11. e3 a5 12. b4 Rf6 13. Qc2 Rh6 14. Rfb1 Qe7 15. b5 g5 16. bxc6 bxc6 17. cxd5 exd5 18. Nxe4 fxe4 19. Nd2 Ba6 20. Bf1 Bxf1 21. Nxf1 Rf6 22. Rb2 h5 23. Qe2 Qf7 24. Rc1 Rf8 25. Rbc2 Qg6 1/2-1/2

[Event "Kouty nad Desnou op-A"]
[Site "Kouty nad Desnou"]
[Date "2010.03.12"]
[Round "8"]
[White "Hajek, Lukas"]
[Black "Hubacek, Ondrej"]
[Result "0-1"]
[WhiteElo "2120"]
[BlackElo "1962"]
[PlyCount "88"]
[EventDate "2010.03.06"]
[EventType "swiss"]
[EventRounds "9"]
[EventCountry "CZE"]
[SourceTitle "CBM 135 Extra"]
[Source "ChessBase"]
[SourceDate "2010.05.04"]
[SourceVersion "1"]
[SourceVersionDate "2010.05.04"]
[SourceQuality "1"]

1. d4 Nf6 2. c4 e5 3. dxe5 Ng4 4. Bf4 g5 5. Bg3 Bg7 6. Nf3 Nc6 7. Nbd2 Ngxe5 8. Nxe5 Nxe5 9. e3 d6 10. Qc2 Be6 11. Be2 Qe7 12. Nf3 0-0-0 13. Rc1 f5 14. c5 f4 15. exf4 Nxf3+ 16. gxf3 Bh3 17. c6 Rhe8 18. Kd1 b6 19. Qd3 Kb8 20. Re1 Bc8 21. Qa3 Qf6 22. Rc4 gxf4 23. Bxf4 Qxb2 24. Qxb2 Bxb2 25. Bg5 Ba6 26. Rh4 Bxe2+ 27. Rxe2 Rxe2 28. Kxe2 Rh8 29. f4 b5 30. f5 a5 31. f6 h6 32. Rxh6 Rxh6 33. Bxh6 Bxf6 34. Be3 b4 35. Kd3 d5 36. Bd4 Bxd4 37. Kxd4 a4 38. Kd3 Kc8 39. h4 Kd8 40. f4 Ke7 41. Kc2 Kf6 42. Kd3 a3 43. Kc2 d4 44. h5 Kf5 0-1

[Event "Kouty nad Desnou op-A"]
[Site "Kouty nad Desnou"]
[Date "2010.03.08"]
[Round "3"]
[White "Hajek, Lukas"]
[Black "Kracik, Tomas"]
[Result "1/2-1/2"]
[WhiteElo "2120"]
[BlackElo "2138"]
[PlyCount "73"]
[EventDate "2010.03.06"]
[EventType "swiss"]
[EventRounds "9"]
[EventCountry "CZE"]
[SourceTitle "CBM 135 Extra"]
[Source "ChessBase"]
[SourceDate "2010.05.04"]
[SourceVersion "1"]
[SourceVersionDate "2010.05.04"]
[SourceQuality "1"]

1. d4 e6 2. c4 f5 3. g3 d5 4. Bg2 Nf6 5. Nf3 c6 6. 0-0 Be7 7. b3 0-0 8. Ba3 Bxa3 9. Nxa3 Qe7 10. Nc2 Nbd7 11. Nce1 Ne4 12. Nd3 g5 13. e3 Ndf6 14. Nfe5 g4 15. Nf4 Ng5 16. c5 Bd7 17. b4 Be8 18. a4 a6 19. Qe2 Qg7 20. Rfc1 Nd7 21. Nfd3 Nxe5 22. Nxe5 h5 23. Qb2 h4 24. Bf1 hxg3 25. fxg3 Qh6 26. Qf2 Rc8 27. Kh1 Rc7 28. Rcb1 Rh7 29. Rb2 Ne4 30. Qf4 Qxf4 31. gxf4 Ng3+ 32. Kg1 Nxf1 33. Rxf1 Rf6 34. a5 Rh4 35. Rg2 Kf8 36. Rff2 Rh3 37. Rg3 1/2-1/2

[Event "CZE-chT2D 0910"]
[Site "Czech Republic"]
[Date "2009.12.06"]
[Round "4.5"]
[White "Hajek, Lukas"]
[Black "Petuchov, Sergej"]
[Result "0-1"]
[WhiteElo "2120"]
[BlackElo "2164"]
[PlyCount "72"]
[EventDate "2009.10.18"]
[EventType "team-tourn"]
[EventRounds "11"]
[EventCountry "CZE"]
[SourceTitle "EXT 2012"]
[Source "ChessBase"]
[SourceDate "2011.11.24"]
[SourceVersion "1"]
[SourceVersionDate "2011.11.24"]
[SourceQuality "1"]
[WhiteTeam "Zajecice"]
[BlackTeam "Pardubice AKIS"]
[WhiteTeamCountry "CZE"]
[BlackTeamCountry "CZE"]

1. d4 Nf6 2. Nf3 d6 3. g3 Nbd7 4. Bg2 e5 5. dxe5 dxe5 6. 0-0 Be7 7. b3 c6 8. Bb2 Qc7 9. c4 0-0 10. Nc3 Re8 11. Qc2 Bf8 12. Ng5 h6 13. Nf3 a5 14. Rad1 Nc5 15. a3 Bg4 16. Nd2 Ne6 17. Rfe1 Nd4 18. Qb1 Rad8 19. h3 Bh5 20. g4 Bg6 21. Nce4 Nd7 22. f4 Bxe4 23. Nxe4 Nxb3 24. fxe5 Ndc5 25. g5 Nxe4 26. Qxe4 hxg5 27. Qf5 Qe7 28. Rd3 g6 29. Qg4 a4 30. e6 Qxe6 31. Rxd8 Qe3+ 32. Kh1 Rxd8 33. Bf6 Be7 34. Bxe7 Qxe7 35. Rf1 Qe3 36. Rf3 Qe7 0-1